| 000 | 00664cam0a220018100 4500 | ||
|---|---|---|---|
| 005 | 20190819100329.0 | ||
| 008 | 040408 | ||
| 020 | _a0853020825 (vol. 1) | ||
| 035 | _a(Sirsi) a146749 | ||
| 050 | 0 |
_aZ675.U5 _bROS 1997 |
|
| 100 | 0 |
_aRosenberg, Diana _6A115695.1 |
|
| 245 | 1 | 0 |
_aUniversity libraries in Africa : _ba review of their current state and future potential / _cDiana Rosenberg. |
| 260 |
_aLondon: _bInternational African Insitute, _c1997. |
||
| 350 | _a25 | ||
| 500 | _aVolume one: summary | ||
| 504 | _aIncludes bibliographical references | ||
| 650 | 0 |
_aAcademic libraries -- Africa _zAcademic libraries -- Africa _6S88111.1 |
|
| 999 |
_c100782 _d100782 |
||